000 01138nam a22002897a 4500
008 130821s2013 xxuado fr 1 eng
020 _a0323033067 (5a. Ed.)
020 _a9780323033060 (6a. Ed.)
020 _a9780323075862 (6a. Ed.)
040 _aCo-BoUCM
_bspa
_cJose A. Gerena (modificó)
_d[Nuevo]
041 0 0 _aeng
060 1 0 _aWL 140
_bN492
245 0 0 _aNeurological rehabilitation
_ceditado por Darcy A. Umphred...[y otros]
246 2 1 _aUmprhere´s Neurological rehabilitation
250 _a6th Ed
260 _aSan Luis (Missouri, Estados Unidos)
_bMosby Elsevier
_c2013
300 _axvii, 1262 páginas
_bilustraciones, cuadros, gráficas, fotografías
504 _aIncluye referencias bibliográficas e índices
650 0 7 _aNeurología
_920299
650 0 7 _aSistema nervioso
_xEnfermedades
_948041
650 0 7 _aSistema nervioso
_xEnfermedades
_xRehabilitación
_924577
700 1 _aBurton, Gordon U.
_951383
700 1 _aLazaro, Rolando T.
_eeditor
_951381
700 1 _aRoller, Margaret L.
_eeditor
_951382
700 1 _aUmphred, Darcy Ann.
_eeditor
_951380
942 _cLIBRO
_a15
_e6
_mN492
_2NLM
_hWL 140
_n0
999 _c92391
_d92391